000 00659nam a2200193Ia 4500
008 151121s9999||||xx |||||||||||||| ||und||
082 _a321।8/टिळक
082 _bHNW-52337
100 _aटिळक ज। श्री।
245 _aअशी ही दिल्ली भाग- 2
260 _b"केसरी प्रकाशन, पुणे।"
260 _c--
300 _a503
600 _aटिळक ज। श्री।
630 _aअशी ही दिल्ली भाग- 2
700 _aटिळक ज। श्री।
730 _aअशी ही दिल्ली भाग- 2
942 _cBOOK
999 _c1236444
_d1236441